| 000 | 01734nam a2200253Ia 4500 | ||
|---|---|---|---|
| 008 | 0000002009 ag ad 0000000000mul00 | ||
| 020 | _a9788492711437 | ||
| 090 | _aPSP00 E77e | ||
| 245 | 1 | 0 |
_aEsteban Lisa _b: au pays des Cédres = in the land of the Cedars _b: tradition et abstraction = tradition and abstraction _c/ textos Juan Carlos Gafo Acevedo ...[et al.] ; comisarios Luis Prados, Jorge Virgili ; traducción Laura Suffield ; fotografías Gonzalo de La Serna |
| 300 |
_a133 p. _c/ 29 cm. |
||
| 500 | _aExposición realizada en Fondation Audi, marzo abril, 2010 \ Texto bilingue: francés inglés \ Incluye cronología del artista \ Proyecto Ganador Programa Apoyos Concertados FGAA 2010 | ||
| 501 | _aEsteban Lisa au pays des Cèdres: tradition et abstraction = Esteban Lisa : in the land of the Cedars : tradition and abstraction / Jorge Virgili Esteban Lisa : un peintre mulgré lui = Esteban Lisa : a painter in spite of himsel / Gregory Buchakjian Esteban Lisa au pays des Cédres = Esteban Lisa in the country of the cedars Esteban Lisa : la culture tradicionelle du Liban, la culture contemporaine et l'art d'Asef Bichilani = Lebanese traditional culture, contemporary culture and the art of Asef Bichilani | ||
| 600 | 0 | 0 |
_aLISA, ESTEBAN, 18951983/ _xTRABAJOS PICTORICOS |
| 650 | 1 | 4 | _aARTE CONTEMPORANEO ESPAÑOL |
| 650 | 1 | 4 | _aARTISTAS PLASTICOS ESPAÑOLES |
| 650 | 1 | 4 | _xCATALOGOS |
| 650 | 1 | 4 | _aDIBUJO AL PASTEL |
| 650 | 1 | 4 | _aPINTORES ESPAÑOLES |
| 650 | 1 | 4 | _aPINTURA ABSTRACTA |
| 650 | 1 | 4 | _aPINTURA AL OLEO |
| 650 | 1 | 4 | _aPINTURA ESPAÑOLA |
| 700 | 1 | _aGafo Acevedo, Juan Carlos \ Serna, Gonzalo de la \ Suffield, Laura | |
| 999 |
_c12280 _d12280 |
||
| 260 |
_aBuenos Aires : Fundación Esteban Lisa _c2009 |
||